| 000 | 01147cam a22003254a 4500 | ||
|---|---|---|---|
| 999 |
_c32295 _d32295 |
||
| 001 | 9456993 | ||
| 003 | OSt | ||
| 005 | 20170115110451.0 | ||
| 006 | m d | ||
| 007 | cr n | ||
| 008 | 060323s2006 enka sb 001 0 eng d | ||
| 020 | _a0521862051 | ||
| 020 | _a9780521862059 | ||
| 035 | _a(WaSeSS)ssj0000222190 | ||
| 040 |
_aDLC _cDLC _dBAKER _dC#P _dDLC _dWaSeSS |
||
| 050 | 4 |
_aTJ211.4 _b.L385 2006 |
|
| 082 | 0 | 0 |
_a629.8/932 _222 |
| 100 | 1 |
_aLaValle, Steven Michael, _d1968- |
|
| 210 | 1 | 0 | _aPlanning Algorithms / |
| 245 | 1 | 0 |
_aPlanning Algorithms _h[electronic resource] / _cSteven M. LaValle. |
| 260 |
_aCambridge ; _aNew York : _bCambridge University Press, _c2006. |
||
| 504 | _aIncludes bibliographical references (p. 767-810) and index. | ||
| 506 | _aLicense restrictions may limit access. | ||
| 650 | 0 |
_aRobots _xMotion _xPlanning. |
|
| 650 | 0 | _aAlgorithms. | |
| 773 | 0 | _tCambridge Books Online - Computer Science | |
| 856 | 4 | 0 |
_uhttp://www.columbia.edu/cgi-bin/cul/resolve?clio9456993 _zFull text available from Cambridge Books Online - Computer Science |
| 910 | _aLibrary of Congress record | ||
| 942 |
_2ddc _cBK |
||